01324nam a2200289 a 4500001001000000005001700010008004100027020001800068041001100086044000700097050002400104245011300128260005800241300004100299440003300340500019600373500007600569504004100645546003600686650004200722650006000764650002500824651004600849700002000895710004300915740007600958BRCA_718820190320205738.0000827s2011----mx-a#####b---#000-0#spa-d a9786074610918 aspaeng amx 4aNK844b.U86 12 201110aTaracea oaxaqueñabel mobiliario virreinal de la Villa Alta de San IldefonsocGustavo Curiel ... [et al.]. aMéxicobMuseo Franz Mayer : Artes de Méxicoc2011 a95 p.bil. (algunas a color)c23 cm. 0aColección Uso y estilov12 aCatálogo de la exposición ´Arte y erudición en el mobiliario virreinal de la Villa Alta, Oaxaca´ realizada en el Museo Franz Mayer (Ciudad de México), 26 agosto - 13 noviembre, 2011 a2 ejemplares en Biblioteca y 1 ejemplar en el Área de Investigación aIncluye referencias bibliográficas aTexto en : español e inglés14aMarqueteríavExposicioneszMéxico14aMobiliariovExposicioneszOaxaca de Juárez (México)14aTaraceavCatálogos 4aVilla Alta, Oaxaca de Juárez (México)1 aCuriel, Gustavo2 aMuseo Franz Mayer (Ciudad de México)0 aOaxacan Marquetry: Viceregal Furniture fron Villa Alta de San Ildefonso